Cumella / (Registro nro. 6938)
[ vista simple ]
| 000 -CABECERA | |
|---|---|
| campo de control de longitud fija | 00774cam a2200217 a 4500 |
| 001 - NÚMERO DE CONTROL | |
| campo de control | 000007157 |
| 005 - FECHA Y HORA DE LA ÚLTIMA TRANSACCIÓN | |
| campo de control | 20200929154101.0 |
| 008 - DATOS DE LONGITUD FIJA--INFORMACIÓN GENERAL | |
| campo de control de longitud fija | 820312s1972 sp a 001 0 spa |
| 040 ## - FUENTE DE LA CATALOGACIÓN | |
| Centro catalogador/agencia de origen | DO-SdBNP |
| Centro/agencia transcriptor | CarP |
| Centro/agencia modificador | DLC |
| 082 ## - NÚMERO DE LA CLASIFICACIÓN DECIMAL DEWEY | |
| Número de clasificación | 738 |
| Número de documento/Ítem | C969V |
| 100 1# - ENTRADA PRINCIPAL--NOMBRE DE PERSONA | |
| Nombre de persona | Valles, Román, |
| Fechas asociadas al nombre | 1923- |
| 9 (RLIN) | 19869 |
| 245 10 - MENCIÓN DE TÍTULO | |
| Título | Cumella / |
| Mención de responsabilidad, etc. | Román Valles. |
| 260 ## - PUBLICACIÓN, DISTRIBUCIÓN, ETC. | |
| Lugar de publicación, distribución, etc. | Madrid : |
| Nombre del editor, distribuidor, etc. | Dirección General de Bellas Artes : |
| -- | Servicio de Publicaciones del Ministerio de Educación y Ciencia, |
| Fecha de publicación, distribución, etc. | 1972. |
| 300 ## - DESCRIPCIÓN FÍSICA | |
| Extensión | 70 p. : |
| Otras características físicas | il. ; |
| Dimensiones | 18 cm. |
| 490 1# - MENCIÓN DE SERIE | |
| Mención de serie | Ceramistas |
| Designación de volumen o secuencia | no. 30 |
| 600 10 - PUNTO DE ACCESO ADICIONAL DE MATERIA--NOMBRE DE PERSONA | |
| Nombre de persona | CUMELLA, ANTONI |
| Forma completa/desarrollada del nombre | (ANTONI CUMELLA I SERRET) |
| Fechas asociadas al nombre | 1913-1985. |
| 9 (RLIN) | 19870 |
| 650 #4 - PUNTO DE ACCESO ADICIONAL DE MATERIA--TÉRMINO DE MATERIA | |
| Término de materia o nombre geográfico como elemento de entrada | Cerámica española |
| 9 (RLIN) | 19871 |
| 650 #0 - PUNTO DE ACCESO ADICIONAL DE MATERIA--TÉRMINO DE MATERIA | |
| Término de materia o nombre geográfico como elemento de entrada | Cerámica |
| Subdivisión general | Exposiciones |
| 9 (RLIN) | 19872 |
| 830 #0 - PUNTO DE ACCESO ADICIONAL DE SERIE-TÍTULO UNIFORME | |
| Título uniforme | Ceramistas |
| Designación de volumen o secuencia | no. 30 |
| 9 (RLIN) | 19873 |
| 910 ## - DATOS DE OPCIÓN DEL USUARIO (OCLC) | |
| Datos de opción del usuario | Catalogación por copia / LC |
| Estado de retiro | Estado de pérdida | Restricciones de uso | No para préstamo | Código de colección | Localización permanente | Ubicación/localización actual | Ubicación en estantería | Fecha de adquisición | Número de inventario | Total de préstamos | Signatura topográfica completa | Código de barras | Fecha visto por última vez | Precio válido a partir de | Tipo de ítem Koha |
|---|---|---|---|---|---|---|---|---|---|---|---|---|---|---|---|
| Préstamo interno | Monografías: Libros y Folletos | General | General | En catalogación | 04.09.2009 | LF1 | 738 C969V | 7157-10 | 25.06.2020 | 25.06.2020 | Préstamo interno |
